[Event "Australian Seniors"]
[Site "Adelaide"]
[Date "2004.01.10"]
[Round "10.1"]
[White "Pascoe, John L"]
[Black "Korbe, Heinrich"]
[Result "1-0"]
[WhiteElo "1475"]
[BlackElo "1403"]
[PlyCount "95"]
[EventDate "2003.12.29"]
[EventType "tourn"]
[EventRounds "10"]
[EventCountry "AUS"]

1. e4 c5 2. Nf3 Nc6 3. c3 d6 4. d4 cxd4 5. cxd4 Nf6 6. d5 Nb8 7. Bb5+ Bd7 8.
Qa4 Bxb5 9. Qxb5+ Qd7 10. Qd3 Na6 11. Nc3 Nc5 12. Qe2 e6 13. O-O Be7 14. b4 Na6
15. a3 O-O 16. Bb2 e5 17. Nd2 Ne8 18. f4 f5 19. fxe5 dxe5 20. Qb5 Qxb5 21. Nxb5
Nd6 22. Nxd6 Bxd6 23. exf5 Nc7 24. Ne4 Rad8 25. Nxd6 Rxd6 26. Bxe5 Rd7 27. Bxc7
Rxc7 28. Rf3 Rd7 29. Rd1 Rfd8 30. Rfd3 Kf7 31. Kf2 Kf6 32. g4 Rd6 33. Kf3 Kg5
34. h3 h5 35. Rd4 hxg4+ 36. hxg4 b5 37. Rc1 a6 38. Rc7 Kf6 39. Kf4 g5+ 40. fxg6
Kxg6 41. Re4 Rf8+ 42. Ke5 Re8+ 43. Kxd6 Rxe4 44. Rc6 Rf4 45. Kc7+ Kg5 46. d6
Kxg4 47. d7 Rf7 48. Kc8 1-0

[Event "Australian Seniors"]
[Site "Adelaide"]
[Date "2004.01.10"]
[Round "10.2"]
[White "Lilly, Richard N"]
[Black "Gibbs, Glen B"]
[Result "0-1"]
[WhiteElo "1835"]
[BlackElo "1818"]
[PlyCount "62"]
[EventDate "2003.12.29"]
[EventType "tourn"]
[EventRounds "10"]
[EventCountry "AUS"]

1. e4 e6 2. d4 d5 3. Nc3 Bb4 4. e5 c5 5. a3 Bxc3+ 6. bxc3 Ne7 7. Nf3 Bd7 8. Be2
Ba4 9. O-O Qc7 10. dxc5 Nd7 11. c4 O-O-O 12. cxd5 Nxd5 13. Qd4 Nxc5 14. Qg4 h5
15. Qh4 Ne7 16. Bb2 Nf5 17. Qc4 a6 18. Qb4 Rd5 19. c4 a5 20. Qc3 Rd7 21. Bc1
Rhd8 22. Ng5 Bc6 23. Bxh5 Rd3 24. Qe1 g6 25. Bf3 Nd4 26. Bxc6 Qxc6 27. f4 Qb6
28. Qf2 Ncb3 29. Rb1 Ne2+ 30. Kh1 Qxf2 31. Rxf2 Rd1+ 0-1

[Event "Australian Seniors"]
[Site "Adelaide"]
[Date "2004.01.10"]
[Round "10.3"]
[White "Viner, Phillip John"]
[Black "Zaric, Srboljub"]
[Result "1/2-1/2"]
[WhiteElo "1931"]
[BlackElo "2157"]
[Annotator "Wedding,Robin"]
[PlyCount "100"]
[EventDate "2003.12.29"]
[EventType "tourn"]
[EventRounds "10"]
[EventCountry "AUS"]

1. c4 e6 2. Nf3 d5 3. g3 Nf6 4. Bg2 Be7 5. O-O O-O 6. b3 b6 7. Bb2 Bb7 8. cxd5
exd5 9. d3 Re8 10. Nbd2 Bf8 11. Rc1 Na6 12. a3 c5 13. Re1 d4 14. Qc2 Bd5 15.
Nc4 Nc7 16. e4 dxe3 17. Nxe3 Bb7 18. d4 Be4 19. Qd1 Rc8 20. dxc5 Qxd1 21. Rcxd1
Bxc5 22. b4 Bxe3 23. Rxe3 Ncd5 24. Ree1 Kf8 25. Rc1 h6 26. Nd4 Bxg2 27. Kxg2
Rxc1 28. Rxc1 Ra8 29. Nf5 Ne8 30. Rd1 Ndf6 31. Kf3 Rc8 32. Be5 h5 33. Rd3 Ng4
34. Bc3 g6 35. Ne3 Nxe3 36. Kxe3 b5 37. Bd4 a6 38. Bc5+ Kg7 39. Rd7 Rc6 40.
Bd4+ Kf8 41. Ke4 Nc7 42. Bc5+ Kg7 43. Rd6 Rxd6 44. Bxd6 Ne6 45. Kd5 Kf6 46. Bc5
Kf5 47. Kc6 Ke4 48. Kb6 g5 49. Kxa6 f5 50. a4 f4 {
can't follow the rest of the game.} 1/2-1/2